000 01076nam a22002777a 4500
999 _c15912
_d15912
003 MIRAKIL
005 20240419163714.0
008 240419b tu ||||| |||| 00| 0 tur d
020 _a9789751754493
040 _aTR-AnCHP
_cTR-AnCHP
041 _atur
082 _a337
_bD36d 2023
100 _aDereci, Şeyma
245 1 0 _aDünya-ekonomi sistemi bağlamında XIX. yüzyılda Beyrut Limanı /
_cŞeyma Dereci.
246 _aXIX. yüzyılda Beyrut Limanı
246 _a19. yüzyılda Beyrut Limanı
246 _aOn Dokuzuncu yüzyılda Beyrut Limanı
246 _aBeirut port in the XIXᵗʰ century in the context of the world-economy system
260 _aAnkara :
_bTürk Tarih Kurumu,
_c2023.
300 _axvi, 355 sayfa :
_bharita, grafik, tıpkıbasım, tablo ;
_c21 cm.
490 0 _aTürk Tarih Kurumu yayınları ;
_vIV/A-2-2.3.3. dizi - sayı 7
504 _aBibliyografya s. [295]-321.
650 0 _97733
_aEkonomi
_xLimanlar
_zBeyrut
856 _zDijital Nüshası için Partimizin Kütüphane Sorumlusu ile iletişime geçiniz.
942 _2ddc
_cBKS